Программа 3DLINE: моделирование воздействия несоосного лазерного импульса на оловянную каплю (Запись № 10525113)
[ простой вид ]
| 000 -МАРКЕР | |
|---|---|
| контрольное поле | 02362nam0a2200433 4500 |
| 001 - ИДЕНТИФИКАТОР ЗАПИСИ | |
| контрольное поле | RU\NLR\BIBL_A\010885666 |
| 005 - ИДЕНТИФИКАТОР ВЕРСИИ | |
| контрольное поле | 20260408171302.0 |
| 021 ## - НОМЕР ГОСУДАРСТВЕННОЙ РЕГИСТРАЦИИ | |
| Код страны | российская федерация |
| Номер | 2015-79297 |
| Номер Листа государственной регистраци | 4802 |
| 035 ## - ДРУГИЕ СИСТЕМНЫЕ НОМЕРА | |
| Идентификатор записи | (NLR Aleph) 010885666 |
| 035 ## - ДРУГИЕ СИСТЕМНЫЕ НОМЕРА | |
| Идентификатор записи | (NILC)RuMoRGB-008043419 |
| 100 ## - ДАННЫЕ ОБЩЕЙ ОБРАБОТКИ | |
| Данные общей обработки | 20151110d2015 k y0rusy50 ca |
| 101 0# - ЯЗЫК РЕСУРСА | |
| Язык текста, звукозаписи и т.д. | русский |
| Язык резюме | английский |
| 102 ## - СТРАНА ПУБЛИКАЦИИ ИЛИ ПРОИЗВОДСТВА | |
| Страна публикации | российская федерация |
| 105 ## - ПОЛЕ КОДИРОВАННЫХ ДАННЫХ: ТЕКСТОВЫЕ МАТЕРИАЛЫ, МОНОГРАФИЧЕСКИЕ | |
| Кодированные данные о монографическом текстовом документе | a z 000yy |
| 200 1# - ЗАГЛАВИЕ И СВЕДЕНИЯ ОБ ОТВЕТСТВЕННОСТИ | |
| Основное заглавие | Программа 3DLINE: моделирование воздействия несоосного лазерного импульса на оловянную каплю |
| Первые сведения об ответственности | А. Ю. Круковский, В. Г. Новиков, И. П. Цыгвинцев |
| 210 ## - ПУБЛИКАЦИЯ, РАСПРОСТРАНЕНИЕ И ДР. | |
| Место издания, распространения и т.д. | Москва |
| Имя издателя, распространителя и т. д. | ИПМ РАН |
| Дата издания, распространения и т.д. | 2015 |
| 215 ## - ФИЗИЧЕСКАЯ ХАРАКТЕРИСТИКА | |
| Специфическое обозначение материала и объем | 24 с. |
| Другие сведения о физической характеристике | ил., цв. ил. |
| Размеры | 21 |
| 225 1# - СЕРИЯ | |
| Основное заглавие серии | Препринты ИПМ им. М. В. Келдыша |
| Параллельное заглавие серии | Keldysh institute preprints |
| Язык параллельного заглавия | английский |
| 225 1# - СЕРИЯ | |
| Основное заглавие серии | Препринт |
| Сведения об ответственности | Ин-т приклад. математики им. М. В. Келдыша Рос. акад. наук |
| ISSN серии | 2071-2898 |
| Обозначение тома | № 63 за 2015 г. |
| 300 ## - ОБЩИЕ ПРИМЕЧАНИЯ | |
| Текст примечания | Рез. на англ. яз. |
| 320 ## - ПРИМЕЧАНИЯ О НАЛИЧИИ В ДОКУМЕНТЕ БИБЛИОГРАФИИ / УКАЗАТЕЛЯ | |
| Текст примечания | Библиогр.: с. 23-24 (23 назв.) |
| 606 ## - НАИМЕНОВАНИЕ ТЕМЫ КАК ПРЕДМЕТ | |
| Наименование темы | Радиационная газодинамика |
| Тематический подзаголовок | Уравнения |
| -- | Решение |
| -- | Разностных схем метод |
| Системный номер авторитетной/нормативной записи | 2253461 |
| Идентификатор авторитетной/нормативной записи | RU\NLR\AUTH\6601581959 |
| 606 ## - НАИМЕНОВАНИЕ ТЕМЫ КАК ПРЕДМЕТ | |
| Наименование темы | Плазма |
| Тематический подзаголовок | Динамика |
| -- | Математическое моделирование |
| Системный номер авторитетной/нормативной записи | 2210917 |
| Идентификатор авторитетной/нормативной записи | RU\NLR\AUTH\661328129 |
| 606 ## - НАИМЕНОВАНИЕ ТЕМЫ КАК ПРЕДМЕТ | |
| Наименование темы | Лазерная плазма |
| Тематический подзаголовок | Взаимодействие с поверхностью |
| -- | Математическое моделирование |
| Системный номер авторитетной/нормативной записи | 2248747 |
| Идентификатор авторитетной/нормативной записи | RU\NLR\AUTH\6601579718 |
| 606 ## - НАИМЕНОВАНИЕ ТЕМЫ КАК ПРЕДМЕТ | |
| Наименование темы | Плазма (физ.) импульсная |
| Тематический подзаголовок | Получение |
| -- | Применение лазеров |
| Идентификатор авторитетной/нормативной записи | RU\NLR\AUTH\66615752 |
| Системный номер авторитетной/нормативной записи | 1452848 |
| 675 ## - УНИВЕРСАЛЬНАЯ ДЕСЯТИЧНАЯ КЛАССИФИКАЦИЯ (UDC/УДК) | |
| Индекс | 621.38 |
| 686 1# - ИНДЕКСЫ ДРУГИХ КЛАССИФИКАЦИЙ | |
| Индекс | В333.2 |
| 686 1# - ИНДЕКСЫ ДРУГИХ КЛАССИФИКАЦИЙ | |
| Индекс | В333.33 |
| 700 #1 - ИМЯ ЛИЦА - ПЕРВИЧНАЯ ОТВЕТСТВЕННОСТЬ | |
| Начальный элемент ввода | Круковский |
| Часть имени, кроме начального элемента ввода | А. Ю. |
| Расширение инициалов личного имени | Александр Юрьевич |
| 701 #1 - ИМЯ ЛИЦА - АЛЬТЕРНАТИВНАЯ ОТВЕТСТВЕННОСТЬ | |
| Материалы, к которым относится поле | rus |
| Графика поля | Кириллица |
| Начальный элемент ввода | Новиков |
| Часть имени, кроме начального элемента ввода | В. Г. |
| Дополнения к именам, кроме дат | д-р физ.-мат. наук |
| Расширение инициалов личного имени | Владимир Григорьевич |
| Идентификатор авторитетной/нормативной записи | RU\NLR\AUTH\7727406 |
| Системный номер авторитетной/нормативной записи | 10440 |
| 701 #1 - ИМЯ ЛИЦА - АЛЬТЕРНАТИВНАЯ ОТВЕТСТВЕННОСТЬ | |
| Начальный элемент ввода | Цыгвинцев |
| Часть имени, кроме начального элемента ввода | И. П. |
| Расширение инициалов личного имени | Илья Павлович |
| 801 #0 - ИСТОЧНИК ЗАПИСИ | |
| Страна | российская федерация |
| Организация | РГБ |
| Дата составления | 20151014 |
| Правила каталогизации | RCR |
| 801 #1 - ИСТОЧНИК ЗАПИСИ | |
| Страна | российская федерация |
| Организация | РГБ |
| Дата составления | 20151014 |
| Источник данных | rusmarc |
| 942 ## - ДОПОЛНИТЕЛЬНЫЕ ЭЛЕМЕНТЫ ЗАПИСИ (АБИС) | |
| Тип экземпляра АБИС | Книга |
| 980 ## - КОЛЛЕКЦИЯ | |
| Название коллекции | НБР |
| 980 ## - КОЛЛЕКЦИЯ | |
| Название коллекции | Национальная библиография |
Нет доступных экземпляров.